banner koha

Distribuicao de residuos de aldicarb em limao siciliano determinados por cromatografia de gas (Registro n. 319190)

MARC details
000 -LÍDER
campo de controle de tamanho fixo 01244naa a22003377a 4500
001 - NÚMERO DE CONTROLE
campo de controle BR8802999
003 - IDENTIFICADOR DO NÚMERO DE CONTROLE
campo de controle BR-BrBNA
005 - DATA E HORÁRIO DA ÚLTIMA TRANSAÇÃO
campo de controle 20240918180018.0
007 - CAMPO FIXO DE DESCRIÇÃO FÍSICA--INFORMAÇÃO GERAL
campo de controle de tamanho fixo ta
008 - CAMPO DE DADOS FIXOS--INFORMAÇÃO GERAL
campo de controle de tamanho fixo 230509b bl.||||| |||| 00| 0 por d
040 ## - FONTE DA CATALOGAÇÃO
Instituição da catalogação original BR-BrBNA
Idioma da catalogação por
Instituição que transcreveu o registro Biblioteca Nacional de Agricultura
041 ## - CÓDIGO DE IDIOMA
Código do idioma do texto/trilha sonora ou título diferente (Pt)
072 ## - CÓDIGO DE CATEGORIA DE ASSUNTO
Código de Categoria de Assunto H10
Código do objeto 1030
-- 4030
-- 3877
090 ## - NÚMERO DE CHAMADA LOCAL
Número de chamada H10 BR8802999
100 1# - ENTRADA PRINCIPAL--NOME PESSOAL
Nome pessoal Batista, G.C. de
100 1# - ENTRADA PRINCIPAL--NOME PESSOAL
Nome pessoal Boscariol, L.R.
100 1# - ENTRADA PRINCIPAL--NOME PESSOAL
Nome pessoal Maciel, E.
100 1# - ENTRADA PRINCIPAL--NOME PESSOAL
Nome pessoal Chiavegato, L.G.
100 1# - ENTRADA PRINCIPAL--NOME PESSOAL
Nome pessoal Zambon, S.
111 1# - ENTRADA PRINCIPAL--NOME DO EVENTO
Nome do evento ou lugar 9. Encontro Nacional de Analistas de Residuos de Pesticidas
Local do evento Sao Paulo, SP (Brazil)
Data do evento ou assinatura do tratado 27-31 May 1985
245 1# - TÍTULO
Título Distribuicao de residuos de aldicarb em limao siciliano determinados por cromatografia de gas
260 3# - PUBLICAÇÃO, DISTRIBUIÇÃO, ETC.
Local de publicação, distribuição, etc. Sao Paulo, SP (Brasil):
Data da publicação, distribuição, etc. 1985.
500 ## - NOTA GERAL
Nota geral Relatorio 9. Encontro Nacional de Analistas de Residuos de Pesticidas<br/>Sao Paulo, SP (Brasil): 1985. p. 59-66<br/>(BR8802999-AM)H10<br/>
650 ## - ASSUNTO--TERMO TÓPICO
Cabeçalho tópico ou nome geográfico LIMAO
650 ## - ASSUNTO--TERMO TÓPICO
Cabeçalho tópico ou nome geográfico ACARO DA FALSA FERRUGEM
650 ## - ASSUNTO--TERMO TÓPICO
Cabeçalho tópico ou nome geográfico INSETICIDA
650 ## - ASSUNTO--TERMO TÓPICO
Cabeçalho tópico ou nome geográfico RESIDUO
773 0# - ENTRADA ANALÍTICA
Título Relatorio 9. Encontro Nacional de Analistas de Residuos de Pesticidas
Número de controle do registro H10 BR8802999
Partes relacionadas Sao Paulo, SP (Brasil), 1985. p. 59-66
909 ## -
-- 202404
-- Lucia
-- 55
-- Lucia Elande
942 ## - ELEMENTOS DE ENTRADA ADICIONADOS (KOHA)
Tipo de material Koha Capítulo-Livro
Fonte da classificação ou esquema de arquivamento na estante Classificação AGRIS
Exemplares
Situação do descarte Fonte da classificação ou esquema de arquivamento na estante Situação física Não pode ser emprestado Coleção Biblioteca de origem Biblioteca atual Localização na estante Total de empréstimos Número de telefone completo Data de último acesso Número do exemplar Tipo de material Koha Situação das perdas Data de aquisição Fonte de aquisição
  Classificação AGRIS       Biblioteca Nacional de Agricultura - Binagri Biblioteca Nacional de Agricultura - Binagri Agrobase - Acervo Geral   3871 BR8802996 20/05/2024 01 Capítulo-Livro   2024-04-11 Portaria Interministerial nº 164/94

BINAGRI

Telefone: (61)3218-2567/2388/3357/2097 - binagri@agro.gov.br

Ministério da Agricultura e Pecuária , Esplanada dos Ministérios, Bloco D, Anexo B, Brasília/DF, CEP: 70.043-900